|
|
|
|
| LEADER |
00916nam a2200229 a 4500 |
| 001 |
2184804 |
| 008 |
100111s1970 pauab b 001 0 eng d |
| 010 |
|
|
|a 71095231
|
| 040 |
|
|
|a DLC
|c DLC
|d DLC
|d BD-DhAAL
|
| 082 |
0 |
0 |
|a 301.3/5
|
| 100 |
1 |
|
|a Smith, T. Lynn
|q (Thomas Lynn),
|d 1903-
|
| 245 |
1 |
0 |
|a Principles of inductive rural sociology /
|c T. Lynn Smith [and] Paul E. Zopf, Jr.
|
| 260 |
|
|
|a Philadelphia :
|b F. A. Davis Co.,
|c 1970
|
| 300 |
|
|
|a 558 p. :
|b illus., maps.;
|c 24 cm.
|
| 504 |
|
|
|a Bibliography: p. 501-537.
|
| 541 |
1 |
|
|e 00000792
|
| 650 |
|
0 |
|a Sociology, Rural.
|
| 700 |
1 |
|
|a Zopf, Paul E.,
|e joint author.
|
| 991 |
|
|
|b c-GenColl
|h HT421
|i .S53
|t Copy 1
|w BOOKS
|
| 852 |
4 |
|
|a Ayesha Abed Library
|j General Shelf.
|
| 999 |
|
|
|c 6880
|d 6880
|
| 952 |
|
|
|0 0
|1 0
|2 ddc
|4 0
|6 301_350000000000000_SMI_1970
|7 0
|9 7090
|a BRACUL
|b BRACUL
|c GEN
|d 2010-01-12
|g 0.00
|l 0
|o 301.35 SMI
|p 3010000792
|r 2010-01-12
|t 1
|w 2010-01-12
|y BK
|z Not price in Register
|